000 00512nmm a2200169Ia 4500
008 251105s9999||||xx |||||||||||||||||und||
041 _aspa
100 _aPasolini, Pier Paolo
245 0 _aUna vida violenta
264 _a[Madrid, España] :
_bNordica Libros,
_c[Fecha de publicación no identificada]
300 _a0 páginas
490 _aOtras Latitudes
700 _aPasolini, Pier Paolo
700 1 _a Cuevas, Miguel Ángel
856 _uhttps://public.digitaliapublishing.com/a/161158
942 _cCF
999 _c69803
_d69803